000 00498nam a2200181Ia 4500
005 20250326123934.0
008 250326s9999 xx 000 0 und d
037 _aTextbook
040 _aFMSL
_beng
_cFMSL
041 _aeng
_2eng
084 _aT(X) K8
_qFMSL
100 _aHall O A
_9736444
245 0 _aTeaching home economics
_cHall O A; Paolucci B
260 _aNew Delhi
_bNew Delhi, Wiley Eastern
_c1968
300 _a397p
942 _cTB
_hT(X) K8
999 _c1271567
_d1271567